Distillation: fundamentals and principles

Gardado en:
Detalles Bibliográficos
Main Authors: Gorak, Andrzej (Author), Sorensen, Eva (Author)
Formato: Libro
Idioma:inglés
Publicado: Amsterdam Elsevier 2014
Edición:1a. ed
Subjects:
Tags: Engadir etiqueta
Sen Etiquetas, Sexa o primeiro en etiquetar este rexistro!

MARC

LEADER 00000cam a2200000 a 4500
001 UCC0647
003 CL-VaPUC
008 170825e20140000ne |||||||||||||||||eng|d
020 |a 9780123865472 
082 0 4 |a 660.28  |b GOR  |2 21 
100 0 |a Gorak, Andrzej  |e author  |9 594637 
700 0 |a Sorensen, Eva  |e author  |9 594638 
245 1 0 |a Distillation: fundamentals and principles 
250 |a 1a. ed 
300 |a 506 p 
942 |c BK 
945 |d 20170825 13:52:00  |a dcastane 
260 |a Amsterdam  |b Elsevier  |c 2014 
650 7 |a INDUSTRIA QUIMICA  |2 CL-VaPUC  |9 594639 
650 0 |a Destilación  |9 263952 
583 |a last modification  |c 20170825 13:52:00  |k Rodrigo Vera 
999 |c 369420  |d 369418 
952 |0 0  |1 0  |3 erd  |4 0  |6 660_280000000000000_GOR_2014  |7 0  |8 A  |9 485186  |a BIBALI  |b BIBALI  |c GEN  |i 5419093  |l 6  |m 1  |o 660.28 GOR 2014  |p 5419093  |r 2025-01-20  |s 2023-04-03  |w 2019-11-24  |y BK  |z Catalogado en:20170825  |k ALI